[Event "Rostock SSC op 17th"]
[Site "Rostock"]
[Date "2018.07.11"]
[Round "1.12"]
[White "Seichter, Andreas"]
[Black "Huth, Kevin"]
[Result "1/2-1/2"]
[WhiteElo "1702"]
[BlackElo "2025"]
[PlyCount "39"]
[EventDate "2018.07.11"]
[EventType "swiss"]
[EventRounds "7"]
[EventCountry "GER"]
[SourceTitle "EXT 2019"]
[Source "ChessBase"]
[SourceDate "2018.10.10"]
[SourceVersion "1"]
[SourceVersionDate "2018.10.10"]
[SourceQuality "1"]

1. e4 e6 2. d4 d5 3. exd5 exd5 4. Nf3 Bd6 5. Be2 Bf5 6. 0-0 Nc6 7. Re1 Nge7 8. c3 Qd7 9. Nbd2 0-0-0 10. Nf1 Kb8 11. b4 Ng6 12. Ne3 Nf4 13. Bf1 g5 14. Nxf5 Qxf5 15. Bxf4 Qxf4 16. Qc1 Rde8 17. Qxf4 gxf4 18. Bb5 Re6 19. Rxe6 fxe6 20. Re1 1/2-1/2

[Event "BL2-Nord 0809"]
[Site "Germany"]
[Date "2009.03.29"]
[Round "9.8"]
[White "Huth, Kevin"]
[Black "Kahlert, Thomas"]
[Result "1/2-1/2"]
[WhiteElo "2000"]
[BlackElo "2260"]
[PlyCount "28"]
[EventDate "2008.10.05"]
[EventType "team-tourn"]
[EventRounds "9"]
[EventCountry "GER"]
[SourceTitle "CBM 129 Extra"]
[Source "ChessBase"]
[SourceDate "2009.05.05"]
[SourceVersion "2"]
[SourceVersionDate "2009.05.20"]
[SourceQuality "1"]
[WhiteTeam "Kreuzberg II"]
[BlackTeam "Norderstedt"]
[WhiteTeamCountry "GER"]
[BlackTeamCountry "GER"]

1. e4 e5 2. Nf3 Nc6 3. Bb5 a6 4. Ba4 Nf6 5. 0-0 Be7 6. Re1 b5 7. Bb3 0-0 8. c3 d5 9. d4 Nxe4 10. dxe5 Be6 11. Bc2 Bf5 12. Nd4 Nxd4 13. cxd4 Qd7 14. Be3 Bg6 1/2-1/2

[Event "Berlin-ch U18 final"]
[Site "Berlin"]
[Date "2009.02.03"]
[Round "3.1"]
[White "Kachibadze, Georg"]
[Black "Huth, Kevin"]
[Result "1-0"]
[WhiteElo "2109"]
[BlackElo "1948"]
[PlyCount "69"]
[EventDate "2009.02.01"]
[EventType "swiss"]
[EventRounds "7"]
[EventCountry "GER"]
[SourceTitle "EXT 2022"]
[Source "ChessBase"]
[SourceDate "2021.10.06"]
[SourceVersion "1"]
[SourceVersionDate "2021.10.06"]
[SourceQuality "1"]

1. e4 e6 2. d4 d5 3. Nc3 Nf6 4. Bg5 Bb4 5. e5 h6 6. Bd2 Bxc3 7. bxc3 Ne4 8. Qg4 Kf8 9. Bd3 Nxd2 10. Kxd2 c5 11. f4 Nc6 12. Nf3 c4 13. Be2 Bd7 14. h4 b5 15. Qh3 a5 16. Rhb1 b4 17. g4 Qe7 18. Ke3 bxc3 19. a3 a4 20. Qh1 Na7 21. Qc1 Nb5 22. h5 Ra5 23. Qe1 g6 24. Qh4 Qxh4 25. Nxh4 Kg7 26. hxg6 fxg6 27. f5 Rb8 28. Nxg6 exf5 29. gxf5 Bxf5 30. Ne7 Bxc2 31. Rg1+ Kh7 32. Nxd5 Bb3 33. Nf6+ Kh8 34. Rg6 Ra6 35. Rh1 1-0

[Event "Bundesliga 0708"]
[Site "Germany"]
[Date "2008.04.06"]
[Round "13.8"]
[White "Huth, Kevin"]
[Black "Huschenbeth, Niclas"]
[Result "0-1"]
[WhiteElo "2014"]
[BlackElo "2318"]
[PlyCount "60"]
[EventDate "2007.10.20"]
[EventType "team-tourn"]
[EventRounds "15"]
[EventCountry "GER"]
[SourceTitle "CBM 124"]
[Source "ChessBase"]
[SourceDate "2008.05.28"]
[SourceVersion "1"]
[SourceVersionDate "2008.05.28"]
[SourceQuality "1"]
[WhiteTeam "Kreuzberg"]
[BlackTeam "Hamburger SK"]
[WhiteTeamCountry "GER"]
[BlackTeamCountry "GER"]

1. e4 e5 2. Nf3 Nc6 3. Bb5 a6 4. Ba4 Nf6 5. 0-0 b5 6. Bb3 Bc5 7. Re1 d6 8. c3 Bb6 9. d3 0-0 10. Nbd2 Na5 11. Bc2 c5 12. Nf1 Nc6 13. Bg5 h6 14. Bh4 g5 15. Nxg5 hxg5 16. Bxg5 Kg7 17. Qf3 Rh8 18. Ng3 Be6 19. Nf5+ Bxf5 20. Qxf5 c4 21. Rad1 Re8 22. h4 Re6 23. h5 Qh8 24. h6+ Kf8 25. g3 Nh7 26. Bh4 Rxh6 27. dxc4 Ke8 28. cxb5 axb5 29. Bb3 Qg7 30. Bd5 Ne7 0-1

[Event "Berlin-ch U18 final"]
[Site "Berlin"]
[Date "2008.01.08"]
[Round "3.3"]
[White "Noetzel, Felix"]
[Black "Huth, Kevin"]
[Result "1/2-1/2"]
[WhiteElo "1843"]
[BlackElo "2014"]
[PlyCount "109"]
[EventDate "2008.01.06"]
[EventType "swiss"]
[EventRounds "7"]
[EventCountry "GER"]
[SourceTitle "EXT 2022"]
[Source "ChessBase"]
[SourceDate "2021.10.06"]
[SourceVersion "1"]
[SourceVersionDate "2021.10.06"]
[SourceQuality "1"]

1. Nh3 g6 2. g3 Bg7 3. Bg2 d6 4. 0-0 c5 5. d3 Nc6 6. e4 e6 7. f4 Nge7 8. c3 0-0 9. Nd2 b6 10. Nf3 Ba6 11. Re1 Rc8 12. Be3 d5 13. Bf2 Qc7 14. Qc2 Rfd8 15. Rad1 Na5 16. d4 dxe4 17. Qxe4 Bb7 18. Qe2 Bxf3 19. Bxf3 cxd4 20. Bxd4 Bxd4+ 21. Rxd4 Rxd4 22. cxd4 Qd7 23. Qe4 Nac6 24. Rd1 Rd8 25. Nf2 Nxd4 26. Kg2 Nef5 27. Ng4 Qc7 28. Qd3 Rc8 29. Be4 Qc2+ 30. Qxc2 Nxc2 31. Rd7 Nce3+ 32. Nxe3 Nxe3+ 33. Kf3 Nf5 34. Rxa7 Rc4 35. Bd3 Rd4 36. Bxf5 gxf5 37. Ke2 b5 38. b3 b4 39. a4 bxa3 40. Rxa3 f6 41. Ra4 Rd5 42. Rb4 Kf7 43. Rb7+ Kg6 44. b4 e5 45. b5 e4 46. Rb8 Kg7 47. b6 Rb5 48. b7 Rb3 49. h3 h5 50. Kd2 Kh7 51. Kc2 Rb6 52. Kc3 Rb1 53. Kd4 Kg7 54. Kd5 Rb2 55. Kd4 1/2-1/2

[Event "Berlin Lichtenrade op 03rd"]
[Site "Berlin"]
[Date "2007.04.15"]
[Round "9"]
[White "Huth, Kevin"]
[Black "Bukowski, Henryk"]
[Result "1/2-1/2"]
[WhiteElo "1821"]
[BlackElo "2131"]
[PlyCount "23"]
[EventDate "2007.04.07"]
[EventType "swiss"]
[EventRounds "9"]
[EventCountry "GER"]
[SourceTitle "EXT 2008"]
[Source "ChessBase"]
[SourceDate "2007.11.25"]
[SourceVersion "1"]
[SourceVersionDate "2007.11.25"]
[SourceQuality "1"]

1. e4 c5 2. Nc3 Nc6 3. g3 g6 4. Bg2 Bg7 5. d3 d6 6. f4 e6 7. Nf3 Nge7 8. 0-0 0-0 9. Be3 Nd4 10. Rb1 Nec6 11. Ne2 e5 12. c3 1/2-1/2

[Event "Berlin Lichtenrade op 03rd"]
[Site "Berlin"]
[Date "2007.04.13"]
[Round "7"]
[White "Huth, Kevin"]
[Black "Bruening, Wolfgang"]
[Result "1-0"]
[WhiteElo "1821"]
[BlackElo "2016"]
[PlyCount "29"]
[EventDate "2007.04.07"]
[EventType "swiss"]
[EventRounds "9"]
[EventCountry "GER"]
[SourceTitle "EXT 2008"]
[Source "ChessBase"]
[SourceDate "2007.11.25"]
[SourceVersion "1"]
[SourceVersionDate "2007.11.25"]
[SourceQuality "1"]

1. e4 c6 2. d4 d5 3. e5 Bf5 4. Ne2 e6 5. Nf4 h6 6. Bd3 Bxd3 7. Qxd3 Ne7 8. Nd2 Nd7 9. Nf3 Nc8 10. Nxe6 fxe6 11. Qg6+ Ke7 12. Ng5 hxg5 13. Bxg5+ Nf6 14. exf6+ Kd7 15. fxg7 1-0